000 00859nam a22002897a 4500
001 BR9400861
003 BR-BrBNA
005 20230928093859.0
007 ta
008 230509b bl.||||| |||| 00| 0 por d
040 _aBR-BrBNA
_bpor
_cBiblioteca Nacional de Agricultura
041 _a(Por)
072 _aE70
_b0600
_b1300
090 _ 0600 BR9400861
110 1 _aSecretaria de Agricultura e Abastecimento, Sao Paulo, SP (Brasil). Coordenadoria de Abastecimento
_98647
245 1 _aPerfil dos hortigranjeiros comercializados no entreposto regional de Sorocaba
260 3 _aSao Paulo, SP (Brasil):
_c1991.
300 _a127 p.
500 _a54 illus.; 110 tables
650 _aFruta
650 _aLegume
650 _aHortalica
650 _aComercializacao
650 _aSao Paulo
909 _a202309
_bLucia
_c55
_dLucia Elande
942 _cBK
999 _c47676
_d47676